[Event "Kimry-ch"]
[Site "Kimry"]
[Date "2009.01.05"]
[Round "7"]
[White "Shibaev, Aleksey"]
[Black "Shibaeva, Elina"]
[Result "1-0"]
[WhiteElo "2366"]
[BlackElo "2095"]
[PlyCount "79"]
[EventDate "2009.01.02"]
[EventType "swiss"]
[EventRounds "9"]
[EventCountry "RUS"]
[SourceTitle "EXT 2010"]
[Source "ChessBase"]
[SourceDate "2010.11.25"]
[SourceVersion "1"]
[SourceVersionDate "2010.11.25"]
[SourceQuality "1"]

1. d4 d5 2. c4 c6 3. Nc3 Nf6 4. Bg5 e6 5. e3 Nbd7 6. Qc2 Be7 7. cxd5 exd5 8. Bd3 0-0 9. Nge2 Re8 10. 0-0 Nf8 11. Rae1 Bg4 12. f3 Bh5 13. h3 Bg6 14. e4 c5 15. Bxf6 Bxf6 16. Nxd5 cxd4 17. Qc7 Rc8 18. Qxd8 Rexd8 19. Nxf6+ gxf6 20. f4 h6 21. f5 Bh7 22. Rc1 Nd7 23. Rxc8 Rxc8 24. Rc1 Rxc1+ 25. Nxc1 Kf8 26. Kf2 Ke7 27. Bc2 Kd6 28. Nd3 Ne5 29. Ke2 Nc4 30. Bb3 b5 31. g3 a6 32. Bd1 a5 33. a4 b4 34. Bb3 Nb6 35. Ne1 Nd7 36. Nf3 Nc5 37. Nxd4 Ke5 38. Ke3 Nxe4 39. Nf3+ Kxf5 40. Bc2 1-0